[Event "Morbihan-ch 1011"]
[Site "Morbihan"]
[Date "2011.01.08"]
[Round "4.22"]
[White "Le Gal, Loic"]
[Black "Purenne, Eric"]
[Result "0-1"]
[WhiteElo "1570"]
[BlackElo "1460"]
[PlyCount "104"]
[EventDate "2010.10.09"]
[EventType "swiss"]
[EventRounds "7"]
[EventCountry "FRA"]
[SourceTitle "EXT 2014"]
[Source "ChessBase"]
[SourceDate "2013.11.20"]
[SourceVersion "1"]
[SourceVersionDate "2013.11.20"]
[SourceQuality "1"]

1. c4 e5 2. e3 Nf6 3. g3 Nc6 4. a3 a5 5. Bg2 d5 6. Qc2 Be6 7. b3 e4 8. Ne2 Bg4 9. Nf4 Ne5 10. Nxd5 Nd3+ 11. Kf1 Bf5 12. f3 exf3 13. Bxf3 Nxc1 14. Qxf5 Nxb3 15. Qe5+ Kd7 16. Qf5+ Ke8 17. Nxc7+ Qxc7 18. Qb5+ Nd7 19. Qxb3 Rb8 20. d4 b6 21. Nd2 g6 22. Ke2 Bg7 23. Rab1 Kf8 24. Rhf1 Re8 25. Bd5 f6 26. Ne4 f5 27. Ng5 Qd6 28. Kd3 Bh6 29. Ne4 Qc7 30. Rbe1 Kg7 31. Nf2 Re7 32. Bf3 Qd6 33. Re2 Nc5+ 34. Kc3 Nxb3 35. Kxb3 Rxe3+ 36. Rxe3 Bxe3 37. Nd1 Qxd4 38. Nb2 h5 39. Rd1 Qf6 40. Rd7+ Kh6 41. h4 Rd8 42. Rd5 Rxd5 43. Bxd5 f4 44. gxf4 Qxf4 45. Na4 Qxh4 46. Nc3 Qe7 47. Ne2 Bc5 48. Nc1 Bxa3 49. Nd3 Bc5 50. Ka4 g5 51. Nc1 h4 52. Nb3 Qd7+ 0-1

[Event "Morbihan-ch 1011"]
[Site "Morbihan"]
[Date "2010.11.06"]
[Round "2.15"]
[White "Purenne, Eric"]
[Black "Potier, Pierre"]
[Result "0-1"]
[WhiteElo "1460"]
[BlackElo "1610"]
[PlyCount "66"]
[EventDate "2010.10.09"]
[EventType "swiss"]
[EventRounds "7"]
[EventCountry "FRA"]
[SourceTitle "EXT 2014"]
[Source "ChessBase"]
[SourceDate "2013.11.20"]
[SourceVersion "1"]
[SourceVersionDate "2013.11.20"]
[SourceQuality "1"]

1. c4 e5 2. Nc3 Nf6 3. g3 Nc6 4. Bg2 Bb4 5. b3 Bxc3 6. dxc3 0-0 7. Bg5 h6 8. Be3 d6 9. Nf3 Qe7 10. 0-0 Be6 11. Qc2 Rad8 12. Nd2 d5 13. cxd5 Nxd5 14. Bxd5 Bxd5 15. b4 b6 16. a3 Qd7 17. c4 Be6 18. Rad1 Bh3 19. Ne4 Qe6 20. Rfe1 f5 21. b5 Na5 22. Nd2 f4 23. Bxf4 exf4 24. Nf3 fxg3 25. fxg3 Qe3+ 26. Kh1 Rxd1 27. Rxd1 Qf2 28. Rg1 Rxf3 29. Qd1 Re3 30. Qd8+ Kh7 31. Qh4 Bc8 32. Rg2 Qf1+ 33. Rg1 Bb7+ 0-1

[Event "Morbihan-ch 0910"]
[Site "Morbihan"]
[Date "2010.03.27"]
[Round "6.19"]
[White "Purenne, Eric"]
[Black "Le Borgne, Christian"]
[Result "1-0"]
[WhiteElo "1450"]
[BlackElo "1270"]
[PlyCount "89"]
[EventDate "2009.10.10"]
[EventType "swiss"]
[EventRounds "7"]
[EventCountry "FRA"]
[SourceTitle "EXT 2014"]
[Source "ChessBase"]
[SourceDate "2013.11.20"]
[SourceVersion "1"]
[SourceVersionDate "2013.11.20"]
[SourceQuality "1"]

1. d4 d5 2. Nf3 Bf5 3. Bf4 e6 4. e3 Nf6 5. Bd3 Bg4 6. Nbd2 Nc6 7. 0-0 Bd6 8. Bg5 h6 9. Bh4 g5 10. Bg3 Bxg3 11. fxg3 Qe7 12. c3 Qd6 13. Qe1 0-0-0 14. h3 Bf5 15. Bxf5 exf5 16. Nh2 Ne7 17. Nhf3 Nh5 18. Kh2 g4 19. Ne5 Rdf8 20. hxg4 Ng7 21. Qe2 f6 22. Nd3 h5 23. gxf5 Ngxf5 24. Nf4 Rfg8 25. Rf3 Rg4 26. e4 Nxg3 27. e5 Nxe2 28. exd6 Nxf4 29. g3 Neg6 30. gxf4 Nh4 31. Rf2 Ng6 32. Raf1 f5 33. dxc7 Kxc7 34. a4 a5 35. b4 axb4 36. cxb4 Ra8 37. a5 b6 38. Nb3 Kb7 39. axb6 Ra4 40. Nc5+ Kxb6 41. Nxa4+ Kb5 42. Nc3+ Kxb4 43. Nxd5+ Kc4 44. Ne3+ Kxd4 45. Nxg4 1-0

[Event "Morbihan-ch 0910"]
[Site "Morbihan"]
[Date "2010.01.16"]
[Round "3.17"]
[White "Rivalin, Patrick"]
[Black "Purenne, Eric"]
[Result "1-0"]
[WhiteElo "1580"]
[BlackElo "1450"]
[PlyCount "97"]
[EventDate "2009.10.10"]
[EventType "swiss"]
[EventRounds "7"]
[EventCountry "FRA"]
[SourceTitle "EXT 2014"]
[Source "ChessBase"]
[SourceDate "2013.11.20"]
[SourceVersion "1"]
[SourceVersionDate "2013.11.20"]
[SourceQuality "1"]

1. d4 d5 2. c4 e6 3. Nc3 Bb4 4. a3 Bxc3+ 5. bxc3 Ne7 6. cxd5 exd5 7. e3 0-0 8. Bd3 Bf5 9. Qc2 Bxd3 10. Qxd3 c6 11. Nf3 h6 12. 0-0 Nd7 13. c4 Qc7 14. cxd5 Nxd5 15. e4 Nf4 16. Bxf4 Qxf4 17. Rab1 b5 18. h3 Qc7 19. Rfc1 a6 20. Rb3 Qb6 21. e5 Rfe8 22. Qe4 Rac8 23. Rbc3 c5 24. Qd5 Rcd8 25. dxc5 Nf6 26. exf6 Qxf6 27. Qb3 Qc6 28. Rd3 Rxd3 29. Qxd3 Re7 30. Qd6 Qxd6 31. cxd6 Rd7 32. Rd1 f6 33. Rd5 Kf7 34. Nd4 g6 35. g4 h5 36. gxh5 gxh5 37. Kg2 Kg6 38. Nc6 Kf7 39. Nb8 Ke6 40. Rd2 Rxd6 41. Rxd6+ Kxd6 42. Nxa6 f5 43. Kf3 Kc6 44. Kf4 Kb6 45. Nb4 Ka5 46. Kxf5 Ka4 47. Nc2 Kb3 48. Nd4+ Kxa3 49. Nxb5+ 1-0

[Event "Morbihan-ch 0607"]
[Site "Morbihan"]
[Date "2007.02.03"]
[Round "5"]
[White "Porcher, Gael"]
[Black "Purenne, Eric"]
[Result "1-0"]
[WhiteElo "1520"]
[BlackElo "1390"]
[PlyCount "79"]
[EventDate "2006.10.21"]
[EventType "swiss"]
[EventRounds "7"]
[EventCountry "FRA"]
[SourceTitle "EXT 2009"]
[Source "ChessBase"]
[SourceDate "2008.11.26"]
[SourceVersion "1"]
[SourceVersionDate "2008.11.26"]
[SourceQuality "1"]

1. d4 d5 2. c4 dxc4 3. e4 Nf6 4. Nc3 e6 5. e5 Nd5 6. Bxc4 Bb4 7. Bd2 c6 8. Nf3 b5 9. Bd3 Nd7 10. a3 Bxc3 11. bxc3 a6 12. Qc2 g6 13. Bh6 Bb7 14. 0-0 Ne7 15. Nh4 Ng8 16. Bg7 Qxh4 17. Bxh8 Nh6 18. f3 Ke7 19. Bf6+ Nxf6 20. exf6+ Qxf6 21. Be4 Rd8 22. Qb3 Rd7 23. Qb4+ Ke8 24. a4 Nf5 25. Bxf5 Qxf5 26. axb5 cxb5 27. Rae1 h5 28. Re5 Qd3 29. h3 Bd5 30. Qb2 Bc4 31. Ra1 Rd6 32. Rc5 Ke7 33. Qa3 Kf6 34. Rxc4 bxc4 35. Qxd6 Qxc3 36. Qe5+ Ke7 37. Rxa6 Qc1+ 38. Kh2 Qb1 39. Ra7+ Kf8 40. Qh8# 1-0

[Event "Morbihan-ch 0607"]
[Site "Morbihan"]
[Date "2007.01.13"]
[Round "4"]
[White "Purenne, Eric"]
[Black "Le Coz, Yannick"]
[Result "0-1"]
[WhiteElo "1390"]
[BlackElo "1774"]
[PlyCount "88"]
[EventDate "2006.10.21"]
[EventType "swiss"]
[EventRounds "7"]
[EventCountry "FRA"]
[SourceTitle "EXT 2009"]
[Source "ChessBase"]
[SourceDate "2008.11.26"]
[SourceVersion "1"]
[SourceVersionDate "2008.11.26"]
[SourceQuality "1"]

1. e4 e5 2. Nf3 Nf6 3. Nc3 Bb4 4. d3 d5 5. Bd2 d4 6. Nd5 Nxd5 7. exd5 Bxd2+ 8. Qxd2 Qxd5 9. Be2 Bg4 10. 0-0 Nc6 11. Rfe1 0-0 12. h3 Bd7 13. a3 Rae8 14. Ng5 h6 15. Bf3 Qd6 16. Ne4 Qg6 17. Ng3 Bf5 18. Be4 Bxe4 19. Nxe4 b6 20. b4 f5 21. Ng3 f4 22. Ne4 Rf5 23. f3 Rh5 24. Kf2 Nd8 25. Rh1 Nf7 26. Rag1 Nd6 27. a4 Nxe4+ 28. dxe4 Qg3+ 29. Ke2 Rd8 30. Qd3 c5 31. Qc4+ Kh8 32. bxc5 bxc5 33. Qxc5 Qg6 34. Qxa7 Qc6 35. Rc1 Rg5 36. Rhg1 Ra8 37. Qe7 Qc4+ 38. Kf2 Qc3 39. Rge1 Qd2+ 40. Re2 Qxc1 41. h4 Rg3 42. Qxe5 Qh1 43. Qg5 hxg5 44. hxg5 Rxg2# 0-1

[Event "Morbihan-ch 0607"]
[Site "Morbihan"]
[Date "2006.12.02"]
[Round "2"]
[White "Purenne, Eric"]
[Black "Georget, Patrice"]
[Result "0-1"]
[WhiteElo "1390"]
[BlackElo "1630"]
[PlyCount "74"]
[EventDate "2006.10.21"]
[EventType "swiss"]
[EventRounds "7"]
[EventCountry "FRA"]
[SourceTitle "EXT 2009"]
[Source "ChessBase"]
[SourceDate "2008.11.26"]
[SourceVersion "1"]
[SourceVersionDate "2008.11.26"]
[SourceQuality "1"]

1. e4 c5 2. Nf3 Nc6 3. Bc4 d6 4. 0-0 Nf6 5. d3 e5 6. Ng5 Be6 7. Nxe6 fxe6 8. Bxe6 Nd4 9. Bd5 Qb6 10. c3 Nc6 11. Qe2 0-0-0 12. Bg5 Kb8 13. b3 Ne7 14. c4 Nexd5 15. exd5 h6 16. Bxf6 gxf6 17. Nc3 Bg7 18. Rac1 Rdg8 19. Qc2 h5 20. a4 a5 21. h3 Bh6 22. Rb1 f5 23. Qe2 Qd8 24. Qxh5 Bd2 25. Qxf5 Bxc3 26. Kh2 Rf8 27. Qg4 Bd4 28. f3 Be3 29. Rfe1 Bf4+ 30. g3 Rfg8 31. Qxg8 Qxg8 32. gxf4 Qh7 33. Kg2 Qxh3+ 34. Kf2 Qh2+ 35. Ke3 Qxf4+ 36. Ke2 Rh2+ 37. Kd1 Qd2# 0-1

[Event "Morbihan-ch 0506"]
[Site "Arradon"]
[Date "2005.12.10"]
[Round "3"]
[White "Purenne, Eric"]
[Black "Dorel, Thierry"]
[Result "1-0"]
[WhiteElo "1499"]
[BlackElo "1499"]
[PlyCount "137"]
[EventDate "2005.10.01"]
[EventType "swiss"]
[EventRounds "7"]
[EventCountry "FRA"]
[SourceTitle "EXT 2007"]
[Source "ChessBase"]
[SourceDate "2006.11.23"]
[SourceVersion "1"]
[SourceVersionDate "2006.11.23"]
[SourceQuality "1"]

1. e4 e5 2. Nf3 Nc6 3. Bc4 Nf6 4. d3 Bc5 5. c3 Bb6 6. 0-0 0-0 7. b4 d6 8. a4 a6 9. a5 Ba7 10. Ng5 d5 11. exd5 Nxd5 12. Qf3 Nf6 13. Ba3 Bg4 14. Qg3 Ne7 15. b5 axb5 16. Bxb5 Qd5 17. c4 Qd4 18. Nd2 Rae8 19. Bxe8 Rxe8 20. Nb3 Qc3 21. Rab1 Nf5 22. Rfc1 Nxg3 23. Rxc3 Ne2+ 24. Kf1 Nxc3 25. Rc1 Ne2 26. Re1 Nd4 27. Nd2 Nc2 28. Rc1 Nxa3 29. f3 Be3 30. Rc3 Bxd2 31. Rxa3 Bxg5 32. fxg4 Nxg4 33. Rb3 Ne3+ 34. Kf2 Ra8 35. Rxb7 g6 36. Rb5 Ng4+ 37. Kg3 h5 38. h3 Rd8 39. Rd5 Bf4+ 40. Kf3 Nh2+ 41. Ke2 Rb8 42. Rb5 Re8 43. Rc5 e4 44. d4 e3 45. g3 Bxg3 46. d5 Nf1 47. a6 Ra8 48. Rc6 Nd2 49. Kxe3 Nf1+ 50. Kd4 Bf2+ 51. Kd3 Kg7 52. Ke2 Bg3 53. Kxf1 Re8 54. a7 f5 55. Re6 Rc8 56. c5 f4 57. Kg2 Kh6 58. Kf3 Kg5 59. Re7 Kh4 60. Rxc7 g5 61. Rxc8 g4+ 62. hxg4 hxg4+ 63. Ke4 f3 64. Rh8+ Kg5 65. a8Q f2 66. Qg8+ Kf6 67. Rh6+ Ke7 68. Qg7+ Kd8 69. Rh8# 1-0